| Tag |
First Indicator |
Second Indicator |
Subfields |
| LEADER |
00000cam a2200000 a 4500 |
| 001 |
in00000024041 |
| 005 |
20151007055623.0 |
| 008 |
760330c19591957nyu 00011 eng d |
| 035 |
|
|
|a (OCoLC)02080121
|
| 035 |
|
|
|9 AAB8741AM
|
| 040 |
|
|
|a NAM
|c NAM
|d m/c
|d TXA
|d UtOrBLW
|
| 049 |
|
|
|a TXAS
|c [A09876104]
|
| 050 |
|
4 |
|a PR6035.U66
|b W3 1959
|
| 100 |
1 |
|
|a Russell, Eric Frank,
|d 1905-1978.
|
| 245 |
1 |
0 |
|a Wasp /
|c Eric Frank Russell.
|
| 264 |
|
1 |
|a New York :
|b Permabooks,
|c 1959
|
| 264 |
|
4 |
|c ©1957
|
| 300 |
|
|
|a 170 pages ;
|c 18 cm.
|
| 336 |
|
|
|a text
|b txt
|2 rdacontent
|
| 337 |
|
|
|a unmediated
|b n
|2 rdamedia
|
| 338 |
|
|
|a volume
|b nc
|2 rdacarrier
|
| 999 |
|
|
|a MARS
|
| 999 |
f |
f |
|s e390976c-4e11-3fd8-9254-1e13ffad7803
|i 98406463-f98b-3bc0-9611-a940e7a59d94
|t 0
|
| 952 |
f |
f |
|p noncirc
|a Texas A&M University
|b College Station
|c Cushing Memorial Library & Archives
|d Cushing: Science Fiction (Does not check out)
|t 0
|e PR6035.U66 W3 1959
|h Library of Congress classification
|i unmediated -- volume
|m A14809876104
|
| 998 |
f |
f |
|a PR6035.U66 W3 1959
|t 0
|l Cushing: Science Fiction (Does not check out)
|